000 00599nam a2200205Ia 4500
005 20250508151243.0
008 008 250505s9999 xx 000 0 eng d
037 _aTextual
040 _aFEDL
_beng
_cFEDL
041 _aeng
_2eng
084 _a155.2, WHI
_qFEDL
100 _aWhiting John W.M.
_9758701
245 0 _aChild training and personality : A cross - cultural study
260 _aNew Haven
_bYale University Press
_c1953
300 _avi,353p.
650 _aPersonality
700 _a Child Irvin L.
_9758702
942 _cTEXL
_h155.2, WHI
999 _c1328644
_d1328644